|
|
|
|
| LEADER |
00000cam a2200000 7i4500 |
| 001 |
0000000324 |
| 005 |
20140503.0 |
| 090 |
0 |
0 |
|a R342.595
|b MAL 1982
|
| 110 |
1 |
0 |
|a MALAYSIA
|
| 245 |
1 |
0 |
|a Federal Constitution :
|b incorporating all amendments up to 15th May 1981
|c compiled in the Office of the Commissioner of Law
|
| 260 |
0 |
0 |
|a Kuala Lumpur :
|b Jabatan Percetakan Negara ,
|c 1982
|
| 300 |
|
|
|a 305 p. ;
|c 26 cm.
|
| 651 |
0 |
0 |
|a Malaysia
|x Constitutional law
|
| 998 |
|
|
|a JPSM
|
| 999 |
|
|
|a 0000001490
|b Monograph
|c Reference
|e Default branch
|
| 999 |
|
|
|a 0000002406
|b Monograph
|c Open Shelf
|e Default branch
|